000 00811cab a2200229 4500
001 ABS49444
008 090401t1993 xxu||||| |||| 00| 0 eng d
035 _a(Sirsi) u71284
041 _aeng
100 _aSands, D.
245 _aService with style
260 _c1993
350 _a0
490 _aEstates Gazette
_v(9341) 16 October 1993, 66(1)
520 _aArgues that the high quality of serviced offices is altering tenants` perceptions of their office requirements. Also that tenants occupying serviced accommodation take-up less floorspace than they would if they were to occupy floorspace on the open market.
650 _aBUSINESS CENTRES
650 _aOCCUPIERS REQUIREMENTS
650 _aSERVICED OFFICES
690 _aPROPERTY-COMMERCIAL PROPERTY
942 _n0
948 _c04/03/1997
999 _c44917
_d44917